000 00834nam a2200229 i 4500
001 bgj
100 1 _aSOMERSET-WARD, Richard.
245 1 0 _aQuality Time ? :
_bthe report of the Twentieth Century Fund Task Force on Public Television : with background paper /
_cby Richard Somerset-Ward.
260 _aNew York :
_bThe Twientieth Century Fund Press,
_c1993.
300 _aXII, 187 pp :
_bfig. ;
_c23 cm.
504 _aReferences p. 175-176.
505 _aIncludes index.
650 9 _aTelevision programs, Public service
_zUnited States
650 9 _aPublic television
_xFinance
_zUnited States
650 9 _aTelevision broadcasting
_xTechnological innovations
_zUnited States
020 _a0870783548
040 _cBPK
041 0 _aeng
920 _a0-87078-354-8
942 _cKS
008 s uk f |000 0 eng
999 _c47907
_d47907
856 _uhttp://koha.tu.koszalin.pl/cgi-bin/koha/opac-detail.pl?biblionumber=47907
_yKatalog online BPK